000 02566nam a2200349Ia 4500
001 dia_3273
003 CHAP
005 20241118184636.0
007 ta
008 220117s2000 sp ad fr 001 0 spa d
010 _a173768
020 _a84-200-0903-2
040 _cCHAP
_amxchpua
_erda
041 _aspa
_bspa
_fspa
_hspa
050 1 _aTX551
_b.I23 2000
082 _220
_a664.02
_bI23 2000
100 1 _aIbarz Ribas, Albert
_9154435
245 1 0 _aMétodos experimentales en la ingeniería alimentaria /
_cAlberto Ibarz Ribas...[y otros 3]
250 _a1a edición
264 _aZaragoza, España :
_bAcribia,
_c2000
300 _avii, 283 páginas :
_bilustraciones, gráficas, tablas
336 _2rdacontent
_atexto
_btxt
337 _2rdamedia
_ano mediado
_bn
338 _2rdacarrier
_avolumen
_bn
504 _aIncluye bibliografías
505 0 _aExperimentación en laboratorio. -- Balance macroscópico de materia. -- Dilución de un zumo de fruta concentrado. -- Balance macroscópico de energía. -- Calentamiento en un tanque agitado. -- Transmisión de calor en régimen no estacionario: determinación de las propiedades térmicas de un fluido viscoso. -- Procesado térmico de alimentos I: Penetración de calor. -- Procesado térmico de alimentos II: Determinación de la letalidad. -- Determinación de coeficientes de transmisión de calor por convección. -- Determinación de coeficientes de transmisión de calor en un tanque agitado. -- Congelación. Evaporación. -- Secado de alimentos I: Secado en bandeja. -- Secado de alimentos II: Secado por atomización. -- Secado de alimentos III: Liofilización. -- Extrusión. Cristalización. -- Caracterización reológica de fluidos alimentarios. -- Pérdida de energía mecánica en el transporte de alimentos líquidos por tuberías. -- Flujo de materia a través de un reactor: función distribución de edades externas. -- Agitación de alimentos en tanques. -- Separaciones físicas: centrifugado y tamizado. --Separaciones físicas: sedimentación. -- Separaciones físicas: filtración. -- Reducción de tamaño y tamizado. -- Extracción sólido-líquido. -- Determinación de coeficientes volumétricos de transferencia de materia. -- Destilación simple. -- Equilibrio de adsorción. -- Textura de los alimentos. -- Reacciones enzimáticas: cinética y actividad enzimática.
650 1 3 _aIngeniería Alimentaria
_9154436
_2atg
901 _a664.02 I23 2000
902 _aM
905 _a0000002000 SP M 0000000000SPA00
942 _cLIBRO
_2ddc
999 _c173768
_d173768